00918nam a22002531 450000100060000000300080000600500170001400800390003103500190007004000320008904100080012108200330012910000600016224500910022226000400031330000650035335000180041850400200043660000360045661000390049265000470053165100580057870000280063625318BD-RjUL20211209050849.0140318s1967 mauabcj 001 0beng a(BD-RjUL)25387 aDLCcDLCdDLCdBD-RjULbeng aeng00a941.080924219bCHW V-2 19671 aChurchill, Randolph S.q(Randolph Spencer),d1911-1968.00aWinston S. Churchill /cRandolph S. Churchill.nVOLUME IIpYoung statesman, 1901-1914. aBoston :bHoughton Mifflin,cc1967. axxix, 775 p. :bill., geneal. tables, maps, ports. ;c24 cm. a$15.00 (v. 3) aIncludes index.10aChurchill, Winston,d1874-1965.20aConservative Party (Great Britain) 0aPrime ministerszGreat BritainxBiography. 0aGreat BritainxPolitics and governmenty20th century.1 aGilbert, Martin,d1936-